Canciones del folklore canario - Estadísticas

Estadísticas generales
  • Esta prueba ha sido intentada 5 veces
  • La puntuación promedio es 10 de 71
Estadísticas de respuestas
Respuesta % Correcto
Isa Parrandera
75%
Aires de Lima de La Palma
25%
Aires de Lima de Tijarafe
25%
Aires de Lima de Valsequillo
25%
Arroró
25%
Baile del tambor
25%
Berlina de El Hierro
25%
Berlina de Fuerteventura
25%
Berlina de La Palma
25%
El Gorgojito
25%
Folías conejeras
25%
Folías de Fuerteventura
25%
Folías de La Palma
25%
Folías de Tenerife
25%
Fulgida Luna
25%
Isa del Uno
25%
La Caringa
25%
Malagueña de los novios
25%
Malagueñas de Lanzarote
25%
Malagueñas de Tenerife
25%
Pasacatre
25%
Pasodoble malagueño
25%
Polka de Fuerteventura
25%
Polka del ratón
25%
Polka de Santa Cruz
25%
Polkas piconas
25%
Querida Lola
25%
Santo Domingo Gomero
25%
Seguidillas de Gáldar
25%
Seguidillas de Lanzarote
25%
Seguidillas y Saltonas
25%
Seguidillas y Saltonas de La Punta
25%
Somos costeros
25%
Sorondongo de Lanzarote
25%
Tajaraste
25%
Tanganillo, Santo Domingo y Tajaraste
25%
Tango Guanchero
25%
Tango Herreño
25%
Aires de Lima de Artenara
0%
Baile del vivo
0%
Berlina del Escobonal
0%
Berlina de San Andrés
0%
Cho Juan Periñal
0%
Chotis majorero
0%
Conde de Cabra de El Hierro
0%
Danza del Trigo de El Escobonal
0%
Duque de Cabra
0%
El Sirinoque
0%
Folías, Seguidillas y Saltonas
0%
Isa del Ringo
0%
Isa majorera
0%
Jota Gomera
0%
La Zaranda
0%
Mazurca de Agüimes
0%
Mazurca de El Hierro
0%
Mazurca de Gáldar
0%
Mazurca del zapatazo
0%
Mazurca de Punta del Hidalgo
0%
Mazurca de Tejuate
0%
Polka Mazurca de Gran Canaria
0%
Saltonas
0%
Santo Domingo de Gran Canaria
0%
Seguidillas de Gran Canaria
0%
Seguidillas Gomeras
0%
Seguidillas Manchegas
0%
Siote de Tazacorte
0%
Siote Palmero
0%
Sorondongo de Ingenio
0%
Sorondongo majorero
0%
Tanganillo de Icod el Alto
0%
Tango de La Florida
0%
No se encontraron pruebas coincidentes
Distribución de puntuación
Porcentaje de gente con cada puntuación
Porcentaje por número respondido
Historial de tus puntuaciones
No has intentado esta prueba.